| 000 | 01212nam a22003377a 4500 | ||
|---|---|---|---|
| 003 | CHAP | ||
| 005 | 20220329135946.0 | ||
| 008 | 971013s1979 r 00010 d | ||
| 010 | _a44733 | ||
| 011 | _a45705 | ||
| 035 | _a49844 | ||
| 040 | _cCHAP | ||
| 090 | _aTesis | ||
| 100 | 0 | 0 |
_aRamos Cruz, Benjamín Pascual. _994405 |
| 245 | _aFormas larvarias de nemátodos gastrointestinales hallados en cerdos sacrificados en el rastro ABC, Los Reyes, La Paz, Estado de México | ||
| 260 |
_aMéxico, D. F. : _bEl autor, _c1979 |
||
| 300 | _a17 h. | ||
| 502 | _aTesis (Médico Veterinario Zootecnista) -- UNAM. Facultad de Medicina Veterinaria y Zootecnia | ||
| 590 |
_aALEPH _b10 _c20130110 _lUCH01 _h1314 |
||
| 590 |
_aBATCH-UPD _b10 _c20130109 _lUCH01 _h2358 |
||
| 590 |
_aBATCH-UPD _b10 _c20130110 _lUCH01 _h1342 |
||
| 590 |
_aBATCH-UPD _b10 _c20130409 _lUCH01 _h1932 |
||
| 590 |
_aBATCH-UPD _b10 _c20130410 _lUCH01 _h0842 |
||
| 590 |
_aBATCH-UPD _b10 _c20130914 _lUCH01 _h1521 |
||
| 590 |
_aCONVERSION _b10 _c20130109 _lUCH01 _h1325 |
||
| 650 | 1 | 4 |
_aGanado porcino _xMatanza. _945380 |
| 650 | 1 | 4 |
_aNemátodos parásitos de cerdo. _980830 |
| 901 | _aBK | ||
| 942 | _cTESIS | ||
| 949 |
_bBC _cTES _d-112316 _eTS1 _i49844 _si |
||
| 999 |
_c44733 _d44733 |
||